000 01215cam a22003497a 4500
003 CHAP
005 20220329135029.0
008 971013s1977 r 00010 d
010 _a29818
011 _a30790
035 _a34902
040 _cCHAP
082 _a510
_bL54Y
100 0 0 _aLijoletov, I. I.
_966763
245 0 _aProblemas de matemáticas superior
_b: teoría de probabilidades y de estadística matemática
260 _aMadrid :
_bParaninfo,
_c1977
300 _a492 p.
500 _aTrad. de la 2 ed. en ruso de ?
590 _aBATCH-UPD
_b10
_c20130110
_lUCH01
_h1018
590 _aBATCH-UPD
_b10
_c20130410
_lUCH01
_h0625
590 _aBATCH-UPD
_b10
_c20130914
_lUCH01
_h1325
590 _aCONVERSION
_b10
_c20130109
_lUCH01
_h1317
650 1 4 _aEstadística matemática.
_938261
650 1 4 _aMatemáticas.
_972901
650 1 4 _aProbabilidades.
_991687
700 0 _aMatzkevich, I. P.
_973128
901 _aBK
942 _cLIBRO
949 _a510 L54Y
_bBC
_cLIBRO
_d33724000136909
_eLIBRO
_fc.3
_h55875
_i34902
_mD
_si
_t390.00
949 _a510 L54Y
_bBC
_cLIBRO
_d33724000136917
_eLIBRO
_fc.2
_h55874
_i34902
_si
_t390.00
949 _a510 L54Y
_bBC
_cLIBRO
_d33724000137048
_eLIBRO
_h55873
_i34902
_si
_t390.00
999 _c29818
_d29818